000 00907nam a2200253Ia 4500
003 OSt
005 20220923224728.0
006 a|||||r|||| 00| 0
007 ta
008 220922b |||||||| |||| 00| 0 hin d
024 _a249,262
037 _cTextual
040 _aARTS
_cARTS
_bhin
041 _2hin
_ahin
082 _aO152,1:gM5, L4
100 _aविमलेश कान्ति
245 0 _aभारतेन्दुयुगीन हिन्दी काव्य में लोकतत्व
246 _aBhāratenduyugīn hindī kāvya mean lokatatva
260 _aदिल्ली
_b ऋषभचरण जैन एवं सन्तति
_c1974
300 _a464पृ.
_ccm.
650 _aहिन्दी साहित्य
_9156264
942 _hO152,1:gM5, L4
_cTEXL
_2CC
999 _c373232
_d373232